000 00582nam a22002297a 4500
003 OSt
005 20140310183043.0
008 130226t xxu||||| |||| 00| 0 eng d
050 _aQA152.2
_b.G993 1989
082 _aFIL 512
_bAl3 1989
245 _aAlgebra
_cGuzman , Ernani V.
_bsecond course
260 _aPhilippines
_bAcademe Publishing House
_cc1989
300 _a429 p
_c24 cm.
521 _aCollege Students
526 _c1210L-1700L
541 _j1
541 _j2
541 _j3
541 _j4
562 _e4
942 _2lcc
_cBK
_kFIL
999 _c18564
_d18564